000 01061nam a22002297a 4500
003 JO-AjAnu
005 20240327112620.0
008 240327b jo ||||| |||| 00| 0 ara d
040 _aJO-AjAnu
_bARA
_cJO-AjAnu
041 0 _aara
050 _aBP173.758
_b2023
100 1 _aالسرطاوي، محمود علي
_941498
_eمعد
245 1 _aفتاوي التامين الاسلامي، الجزء الثاني /
_cإعداد محمود علي السرطاوي ...[واخرون]
260 _aعمان :
_bشركة التأمين الاسلامية،
_c2023
300 _a104صفحة
650 7 0 _aالتامين الاسلامي - شركة التامين - الاستثمار - الاحكام الشرعية - الاقتصاد الاسلامي
_965174
700 1 _aالسرطاوي، محمود
_965171
_eمعد
700 1 _aالكيلاني، عبد الرحمن ابراهيم زيد
_965175
_eمعد
700 1 _aعربيات، وائل محمد
_928281
_eمعد
700 1 _aمراد، حمدي محمد
_965176
_eامين سر
942 _2lcc
_cBK
_n0
999 _c33368
_d33368